Unirea românilor transilvăneni cu Biserica Romei / Vol. 2 De la 1701 până în anul 1761
| Subtitles: | Von 1701 bis 1761 |
|---|---|
| Format: | Print Book |
| Language: | German Romanian |
| Subito Delivery Service: | Order now. |
| Check availability: | HBZ Gateway |
| Interlibrary Loan: | Interlibrary Loan for the Fachinformationsdienste (Specialized Information Services in Germany) |
| Published: |
2015
|
| In: |
Unirea Românilor Transilvăneni cu biserica Romei = Die Union der Rumänen Siebenbürgens mit der Kirche von Rom
Year: 2015 |
| Standardized Subjects / Keyword chains: | B
Transylvania
/ Romanians
/ Religion
/ Holy See (motif)
/ History 1680-1701
B Transylvania / Religion / Holy See (motif) / Reformation / History 1500-1701 |
| Further subjects: | B
Collection of essays
|
| Online Access: |
Table of Contents Register |
MARC
| LEADER | 00000cam a22000002cc4500 | ||
|---|---|---|---|
| 001 | 1725097486 | ||
| 003 | DE-627 | ||
| 005 | 20251226185133.0 | ||
| 007 | tu | ||
| 008 | 200717s2015 xx ||||| 00| ||ger c | ||
| 020 | |a 9789734507061 |9 978-973-45-0706-1 | ||
| 035 | |a (DE-627)1725097486 | ||
| 035 | |a (DE-599)BVBBV042957377 | ||
| 035 | |a (DE-604)BV042957377 | ||
| 040 | |a DE-627 |b ger |c DE-627 |e rakwb | ||
| 041 | |a ger |a rum | ||
| 082 | 0 | |a 200.9 |q DE-604 |2 22/ger | |
| 082 | 0 | |a 305.8009 |q DE-604 |2 22/ger | |
| 084 | |a 1 |2 ssgn | ||
| 245 | 0 | 0 | |a Unirea românilor transilvăneni cu Biserica Romei |n Vol. 2 |p De la 1701 până în anul 1761 |c editat de Johann Marte împreună cu Viorel Ioniţă, Wolfgang Nikolaus Rappert, Laura Stanciu şi Ernst Christoph Suttner |
| 246 | 3 | 3 | |a Von 1701 bis 1761 |
| 264 | 1 | |c 2015 | |
| 300 | |a 864 Seiten | ||
| 336 | |a Text |b txt |2 rdacontent | ||
| 337 | |a ohne Hilfsmittel zu benutzen |b n |2 rdamedia | ||
| 338 | |a Band |b nc |2 rdacarrier | ||
| 546 | |a Beiträge überwiedend deutsch, teilweise englisch | ||
| 655 | 7 | |a Aufsatzsammlung |0 (DE-588)4143413-4 |0 (DE-627)105605727 |0 (DE-576)209726091 |2 gnd-content | |
| 689 | 0 | 0 | |d g |0 (DE-588)4054835-1 |0 (DE-627)106160923 |0 (DE-576)209110759 |2 gnd |a Siebenbürgen |
| 689 | 0 | 1 | |d s |0 (DE-588)4117147-0 |0 (DE-627)104571500 |0 (DE-576)209507470 |2 gnd |a Rumänen |
| 689 | 0 | 2 | |d s |0 (DE-588)4049396-9 |0 (DE-627)106187155 |0 (DE-576)209081880 |2 gnd |a Religion |
| 689 | 0 | 3 | |d b |0 (DE-588)2009545-4 |0 (DE-627)101659261 |0 (DE-576)191644501 |2 gnd |a Katholische Kirche |
| 689 | 0 | 4 | |q z |2 gnd |a Geschichte 1680-1701 |
| 689 | 0 | |5 DE-101 | |
| 689 | 1 | 0 | |d g |0 (DE-588)4054835-1 |0 (DE-627)106160923 |0 (DE-576)209110759 |2 gnd |a Siebenbürgen |
| 689 | 1 | 1 | |d s |0 (DE-588)4049396-9 |0 (DE-627)106187155 |0 (DE-576)209081880 |2 gnd |a Religion |
| 689 | 1 | 2 | |d b |0 (DE-588)2009545-4 |0 (DE-627)101659261 |0 (DE-576)191644501 |2 gnd |a Katholische Kirche |
| 689 | 1 | 3 | |d s |0 (DE-588)4048946-2 |0 (DE-627)104364165 |0 (DE-576)209079851 |2 gnd |a Reformation |
| 689 | 1 | 4 | |q z |2 gnd |a Geschichte 1500-1701 |
| 689 | 1 | |5 DE-101 | |
| 773 | 1 | 8 | |a Unirea Românilor Transilvăneni cu biserica Romei = Die Union der Rumänen Siebenbürgens mit der Kirche von Rom |w (DE-627)1451016557 |w (DE-576)381016552 |g Vol. 2 |q 2 |7 nnam |
| 856 | 4 | 2 | |u http://bvbr.bib-bvb.de:8991/F?func=service&doc_library=BVB01&local_base=BVB01&doc_number=028383287&sequence=000001&line_number=0001&func_code=DB_RECORDS&service_type=MEDIA |3 Inhaltsverzeichnis |7 1 |
| 856 | 4 | 2 | |u http://bvbr.bib-bvb.de:8991/F?func=service&doc_library=BVB01&local_base=BVB01&doc_number=028383287&sequence=000003&line_number=0002&func_code=DB_RECORDS&service_type=MEDIA |3 Register |7 1 |
| 935 | |a mteo | ||
| 951 | |a MV | ||
| ACO | |a 1 | ||
| ELC | |b 1 | ||
| LOK | |0 000 xxxxxcx a22 zn 4500 | ||
| LOK | |0 001 3725635412 | ||
| LOK | |0 003 DE-627 | ||
| LOK | |0 004 1725097486 | ||
| LOK | |0 005 20200717145513 | ||
| LOK | |0 008 200717||||||||||||||||ger||||||| | ||
| LOK | |0 035 |a (DE-Tue135)BVBBV042957377 | ||
| LOK | |0 040 |a DE-Tue135 |c DE-627 |d DE-Tue135 | ||
| LOK | |0 092 |o n | ||
| LOK | |0 852 |a DE-Tue135 | ||
| LOK | |0 852 1 |9 00 | ||
| LOK | |0 935 |a bsbo | ||
| LOK | |0 939 |a 17-07-20 |b l01 | ||
| ORI | |a SA-MARC-ixtheoa001.raw | ||
| REF | |a Reformationsgeschichte,Religionsgeschichte | ||
| REL | |a 1 | ||
| STA | 0 | 0 | |a Holy See (motif),Catholic church,Catholic Church,Catholic Church,Former pilgrimage church Saint Ottilia,Reformation,Reformation,Reformation in art,Religion,Religion in literature,Religions,Religion,Romanians,Transylvania,Siebenbürgen |
| STB | 0 | 0 | |a Religion,Religions,Religion,Roumains,Réforme protestante,Réforme protestante,Saint-Siège (motif),Église catholique,Église catholique |
| STC | 0 | 0 | |a Movimiento juvenil católico,Reforma,Reforma,Religión,Religión,Religión,Rumanos |
| STD | 0 | 0 | |a Chiesa cattolica,Religione,Religione,Religione,Riforma protestante,Riforma protestante,Rumeni |
| STE | 0 | 0 | |a 天主教会,罗马公教,宗教,宗教,宗教改革,宗教改革 |
| STF | 0 | 0 | |a 天主教會,羅馬公教,宗教,宗教,宗教改革,宗教改革 |
| STG | 0 | 0 | |a Igreja católica,Reforma,Reforma,Religião,Religião,Romenos |
| STH | 0 | 0 | |a Католическая церковь (мотив),Религия,Религия (мотив),Реформация (мотив),Реформация,Румыны |
| STI | 0 | 0 | |a Θρησκεία,Θρησκεία (μοτίβο),Καθολική Εκκλησία (μοτίβο),Προτεσταντική μεταρρύθμιση (μοτίβο),Προτεσταντική μεταρρύθμιση,Ρουμάνοι |
| SUB | |a REL | ||
| SYG | 0 | 0 | |a Fürstentum Siebenbürgen,Transsilvanien,Transsylvanien,Transilvania,Transylvania,Ardeal,Erdély,Siedmiogród,Sedmohradsko,Sedmihradsko , Religion,Mystik,Mythologie , Katolikus Egyház,RCC,Katoličeskaj Cerkovʹ,Katoličke Cerkve,Katolska Cyrkej,Katolske Kirke,Ecclesia Catholica,Igreja Católica,Römisch-Katholische Kirche,Katholikē Ekklēsia,Catholic Church,Roman Catholic Church,Eglise Catholique,Eglise Catholique Romaine,Chiesa Cattolica,Katholieke Kerk,Iglesia Católica,Katolické Církve,Kościoł Katolicki,Katoličke Crkve,Eglise catholique romaine,Chiesa cattolica romana,Roman catholic Church,Eglise catholique,Römische Kirche , Eglise catholique,Roman Catholic Church,Catholic Church , Ehemalige Wallfahrtskirche Sankt Ottilia , Fürstentum Siebenbürgen,Transsilvanien,Transsylvanien,Transilvania,Transylvania,Ardeal,Erdély,Siedmiogród,Sedmohradsko,Sedmihradsko , Religion,Mystik,Mythologie , Katolikus Egyház,RCC,Katoličeskaj Cerkovʹ,Katoličke Cerkve,Katolska Cyrkej,Katolske Kirke,Ecclesia Catholica,Igreja Católica,Römisch-Katholische Kirche,Katholikē Ekklēsia,Catholic Church,Roman Catholic Church,Eglise Catholique,Eglise Catholique Romaine,Chiesa Cattolica,Katholieke Kerk,Iglesia Católica,Katolické Církve,Kościoł Katolicki,Katoličke Crkve,Eglise catholique romaine,Chiesa cattolica romana,Roman catholic Church,Eglise catholique,Römische Kirche , Eglise catholique,Roman Catholic Church,Catholic Church , Ehemalige Wallfahrtskirche Sankt Ottilia , Réforme (histoire religieuse),Reformation |
| TIM | |a 100016800101_100017011231 |b Geschichte 1680-1701 | ||



